00000000nam 2200000zi 4500
0019.935604
003CaOODSP
00520250702113418
006m     o  d f      
007cr mn|||||||||
008240319e20250627pica    obs  f000 0 fre d
020 |a9780660708911
020 |z9780660708904 |q(incorrect)
040 |aCaOODSP|bfre|erda|cCaOODSP
043 |an-cn---
045 |ay1y2
0861 |aV3-1/11-2022F-PDF
1001 |aSweet, Jill, |eauteur.
24510|aEnquête de 2022 sur la santé des anciens combattants canadiens.
264 1|aCharlottetown (Île-du-Prince-Édouard) : |bAnciens combattants Canada = Veterans Affairs Canada, |c27 juin 2025.
264 4|c©2024
300 |a1 ressource en ligne (70 pages) : |billustrations en couleur.
336 |atexte|btxt|2rdacontent/fre
337 |ainformatique|bc|2rdamedia/fre
338 |aressource en ligne|bcr|2rdacarrier/fre
4901 |aRapport technique de la Direction de la recherche
500 |aPublié aussi en anglais sous le titre : Canadian veteran health survey 2022.
500 |aLe fichier de publication en format PDF portant la date du « 31 août 2024 » a été remplacé le 2 juillet 2025 à la requête d'Anciens combattants Canada.
500 |aL'ISBN (9780660708904) imprimé dans cette publication est incorrect.
500 |a« Direction de la recherche, Anciens combattants Canada : Jill Sweet, … Melsen Babe, …Teresa Pound, … »
504 |aComprend des références bibliographiques.
520 |a« L'Enquête sur la santé des anciens combattants canadiens (ESACC) est une nouvelle enquête conçue pour évaluer la santé et le bien-être des vétérans après leur transition de la vie militaire à la vie civile. Elle remplace l'ancienne Enquête sur la vie après le service (EVAS). Ce rapport décrit les résultats de l'ESACC 2022. D'octobre à décembre 2022, Statistique Canada a réalisé la première ESACC pour le compte d'Anciens Combattants Canada (ACC). L'enquête a été effectuée auprès de plus de 5 000 vétérans choisis au hasard parmi les répondants du Recensement de 2021 ayant déclaré avoir servi dans l'armée canadienne. En tout, 3 215 vétérans ont répondu à l'enquête, et 2 714 (84,4 %) ont accepté que leurs données anonymes soient communiquées à ACC » -- Fourni par l'éditeur.
650 6|aAnciens combattants|xSanté et hygiène|zCanada|vStatistiques.
650 6|aAnciens combattants|xSanté mentale|zCanada|vStatistiques.
650 6|aBien-être|zCanada|vStatistiques.
655 7|aStatistiques|2rvmgf
7101 |aCanada. |bAnciens combattants Canada. |bDirection de la recherche, |eorganisme de publication.
77508|tCanadian veteran health survey 2022.|w(CaOODSP)9.935602
830#0|aRapport technique (Canada. Anciens combattants Canada. Direction de la recherche)|w(CaOODSP)9.844435
85640|qPDF|s509 Ko|uhttps://publications.gc.ca/collections/collection_2025/acc-vac/V3-1-11-2022-fra.pdf|zRapport final
8564 |qHTML|sS.O.|uhttps://veterans.gc.ca/fr/propos-dacc/recherche/rapports-et-documents/enquete-sur-la-sante-des-anciens-combattants-canadiens|zSommaire